000 00410nam a22001577a 4500
003 MPLRDC
005 20220104142824.0
008 210129b ||||| |||| 00| 0 eng d
082 _a224.88 SGS
100 _a孙果森居士整理
245 _a佛教徒丧葬仪式
_c陈和顺译
260 _a
_b立成印务
_c
300 _b
650 _a佛教仪式--佛教法会, 佛事
942 _cBK
_o224.88 SGS
999 _c33986
_d33976